Insight guides : Philippines.
| Format: | Book |
|---|---|
| Published: |
London:
APA Publications,
2013.
|
| Edition: | 12th ed.. |
| Subjects: |
| LEADER | 00411cam a2200145 7i4500 | ||
|---|---|---|---|
| 001 | 0000031439 | ||
| 005 | 20141119090000.0 | ||
| 020 | 0 | 0 | |a 9781780051222 |
| 090 | 0 | 0 | |a PHIL 910.202 |b INS |
| 245 | 0 | 0 | |a Insight guides : |b Philippines. |
| 250 | 0 | 0 | |a 12th ed.. |
| 260 | 0 | 0 | |a London: |b APA Publications, |c 2013. |
| 300 | # | # | |a 384 p. |
| 651 | 0 | 0 | |a Philippines -- |x Guidebooks |
| 999 | |a B000034762 |b Book |c Countries |e Business Information Centre | ||


